Normal view
MARC view
Entry Topical Term
001 - CONTROL NUMBER
- control field: 56239
003 - CONTROL NUMBER IDENTIFIER
- control field: OSt
005 - DATE AND TIME OF LATEST TRANSACTION
- control field: 20250821150133.0
008 - FIXED-LENGTH DATA ELEMENTS
- fixed length control field: 250821|| aca||aabn | a|a d
040 ## - CATALOGING SOURCE
- Original cataloging agency: OSt
- Transcribing agency: OSt
150 ## - HEADING--TOPICAL TERM
- Topical term or geographic name entry element: Organizational change/development, Relational coordination, stakeholder analysis, Public administration generally, Administration/citizen relations.
670 ## - SOURCE DATA FOUND
- Source citation: Work cat.: (OSt): Hajjar, Lauren et al 56238, Seeing the whole together through relational mapping: A method for engaging in complex systems change
